| 000 | 00409pam a2200157a 44500 | ||
|---|---|---|---|
| 008 | 230515b2014 xxu||||| |||| 00| 0 eng d | ||
| 020 | _a978-93-5090-951-5 | ||
| 041 | _aENGLISH | ||
| 082 | _a618.2 | ||
| 100 | _aARULKUMARAN S., A.GUPTE | ||
| 245 | _aHYPERTENSIVE DISEASE IN PREGNANCY | ||
| 250 | _a1ST | ||
| 260 |
_a _bJAYPEE BROTHERS MEDICAL PUBLISHERS (P) LTD. _c2014 |
||
| 300 | _a171 | ||
| 650 | _aNULL | ||
| 999 |
_c511274 _d511274 |
||